Clash of Clans - Troupes et Sorts - Statistiques

Statistiques générales
  • Ce quiz a été pris 683 fois
  • Le résultat moyen est 32 sur 60
Statistiques - réponses
Types Réponses % Correct
Troupes Barbare
99%
Troupes Archère
95%
Troupes Sorcier
93%
Troupes Géant
91%
Troupes Dragon
90%
Troupes Gobelin
87%
Troupes Ballon
83%
Troupes Chevaucheur de cochon
81%
Troupes Golem
80%
Troupes P.E.K.K.A
80%
Héros Roi des barbares
80%
Troupes Gargouille
79%
Troupes Sapeur
79%
Troupes Sorcière
78%
Héros Reine des archères
77%
Sorts Sort de rage
75%
Troupes Electro-dragon
74%
Troupes Valkyrie
73%
Troupes Guérisseuse
72%
Troupes Bébé dragon
70%
Sorts Sort de foudre
70%
Héros Grand gardien
67%
Troupes Molosse de lave
67%
Sorts Sort de guérison
66%
Sorts Sort de gel
65%
Sorts Sort de saut
65%
Troupes Mineur
64%
Héros Championne royale
58%
Troupes Golem de glace
55%
Troupes Bouliste
52%
Troupes Yéti
51%
Sorts Sort de clonage
43%
Sorts Sort de précipitation
42%
Troupes Electro-titanide
41%
Sorts Sort d'invisibilité
41%
Troupes Chasseuse de tête
40%
Sorts Sort squelettique
39%
Animaliers Licorne
38%
Sorts Sort sismique
35%
Troupes Chevaucheur de dragon
34%
Troupes Apprenti gardien
33%
Engins de siège Démolisseur
33%
Sorts Sort d'empoisonnement
33%
Sorts Sort de rappel
33%
Engins de siège Lance-bûches
32%
Sorts Sort de chauves-souris
30%
Animaliers L.A.S.S.I
27%
Troupes Cavalière sylvestre
25%
Animaliers Electro-chouette
25%
Animaliers Phenix
24%
Engins de siège Broyeur de pierres
23%
Engins de siège Dirigeable de combat
23%
Animaliers Pablo
21%
Animaliers Yak robuste
21%
Engins de siège Caserne de siège
20%
Engins de siège Catapulte d'esprits
18%
Animaliers Lézard létal
18%
Animaliers Flocon
16%
Engins de siège Foreuse de combat
16%
Animaliers Renard spirituel
15%
Aucun quiz correspondant
Distribution des résultats
% des personnes avec chaque résultat
Percentile par nombre de réponses
Votre historique - résultats
Vous n’avez pas pris ce quiz